| 000 | 01931cam a22005174i 4500 | ||
|---|---|---|---|
| 003 | PE-LiUPU | ||
| 005 | 20250731173326.0 | ||
| 008 | 150625s r 000 0 d | ||
| 020 | _a9788481647853 | ||
| 035 | _a(Sirsi) i9788481647853 | ||
| 040 |
_aPE-LiUPU _bspa _cPE-LiUPU _erda |
||
| 049 | _aPRUA | ||
| 082 | 0 | 4 |
_a299.21 _bK34 _221 |
| 100 | 1 |
_aKeel, Othmar, _d1937- , _eautor. |
|
| 245 | 1 | 3 |
_aLa iconografía del Antiguo Oriente y el Antiguo Testamento / _cOthmar Keel ; traducción de Andrés Piquer. |
| 264 | 1 |
_aMadrid : _bTrotta, _c2007. |
|
| 300 |
_a422 páginas : _bilustraciones ; _c24 centímetros |
||
| 336 |
_atext _2rdacontent |
||
| 337 |
_aunmediated _2rdamedia |
||
| 338 |
_avolume _2rdacarrier |
||
| 490 | 0 |
_aBiblioteca de Ciencias Bíblicas y orientales ; _v9 |
|
| 504 | _aIncluye bibliografía. | ||
| 505 | 0 | _aConcepciones del Cosmos. -Fuerzas destructivas. -El templo: espacio de la presencia de Dios y ámbito de vida. -Concepciones de Dios. -El rey. -El hombre ante Dios. | |
| 526 | _aSEG42 | ||
| 526 | _aSEG41 | ||
| 526 | _aSEG40 | ||
| 526 | _aSEG39 | ||
| 526 | _aP94 | ||
| 526 | _aP87 | ||
| 526 | _aP86 | ||
| 526 | _aP85 | ||
| 526 | _aP77 | ||
| 526 | _aP76 | ||
| 526 | _aP35 | ||
| 541 | _g80861; | ||
| 650 | 0 | 4 |
_aArte antiguo _zOriente medio _xIconografia. |
| 650 | 0 | 4 |
_aArte egipcio _xIconografía. |
| 650 | 0 | 4 | _aReligión asirio-babilónica. |
| 650 | 0 | 4 | _aReligión egipcia. |
| 910 |
_bjv _clch _d2001024 |
||
| 942 |
_2ddc _cBOOK |
||
| 949 |
_a299.21 K34 _wDEWEY _c1 _i58668 _lCCODEBUL1 _mBUL _p29.00 _r0 _sY _tBOOK _u2015-6-25 _xTEOLOGIA _zUNKNOWN _0COMPRA _o.STAFF. Colección General |
||
| 994 |
_aC0 _bPEPRU |
||
| 596 | _a1 | ||
| 999 |
_a299.21 K34 _wDEWEY _c47549 _i58668 _d47549 _f2021-11-11 _g5 _lCCODEBUL1 _mBUL _p29.00 _q1 _r0 _sY _tBOOK _u2015-6-25 _xTEOLOGIA _zUNKNOWN _0COMPRA _o.STAFF. Colección General |
||
| 980 |
_81 _gALBERTO SANCHEZ Responsable de Automatización |
||